<?xml version="1.0" encoding="UTF-8"?>
<record
    xmlns:xsi="http://www.w3.org/2001/XMLSchema-instance"
    xsi:schemaLocation="http://www.loc.gov/MARC21/slim http://www.loc.gov/standards/marcxml/schema/MARC21slim.xsd"
    xmlns="http://www.loc.gov/MARC21/slim">

  <leader>02995cam a2200349 a 4500</leader>
  <controlfield tag="001">15872522</controlfield>
  <controlfield tag="005">20230314115716.0</controlfield>
  <controlfield tag="008">090819s2010    enka     b    001 0 eng  </controlfield>
  <datafield tag="010" ind1=" " ind2=" ">
    <subfield code="a">  2009034278</subfield>
  </datafield>
  <datafield tag="015" ind1=" " ind2=" ">
    <subfield code="a">GBA9A2402</subfield>
    <subfield code="2">bnb</subfield>
  </datafield>
  <datafield tag="016" ind1="7" ind2=" ">
    <subfield code="a">015397729</subfield>
    <subfield code="2">Uk</subfield>
  </datafield>
  <datafield tag="020" ind1=" " ind2=" ">
    <subfield code="a">9781441183798 (hc)</subfield>
  </datafield>
  <datafield tag="020" ind1=" " ind2=" ">
    <subfield code="a">9781441178718 (pbk.)</subfield>
  </datafield>
  <datafield tag="020" ind1=" " ind2=" ">
    <subfield code="a">1441183795 (hc)</subfield>
  </datafield>
  <datafield tag="020" ind1=" " ind2=" ">
    <subfield code="a">1441178716 (pbk.)</subfield>
  </datafield>
  <datafield tag="035" ind1=" " ind2=" ">
    <subfield code="a">(OCoLC)ocn432595259</subfield>
  </datafield>
  <datafield tag="040" ind1=" " ind2=" ">
    <subfield code="a">DLC</subfield>
    <subfield code="c">DLC</subfield>
    <subfield code="d">BWK</subfield>
    <subfield code="d">C#P</subfield>
    <subfield code="d">UKM</subfield>
    <subfield code="d">BTCTA</subfield>
    <subfield code="d">YDXCP</subfield>
    <subfield code="d">SINIE</subfield>
    <subfield code="d">BWX</subfield>
    <subfield code="d">CDX</subfield>
    <subfield code="d">DLC</subfield>
  </datafield>
  <datafield tag="050" ind1="0" ind2="0">
    <subfield code="a">LB1028</subfield>
    <subfield code="b">.E3133 2010</subfield>
  </datafield>
  <datafield tag="082" ind1="0" ind2="0">
    <subfield code="a">370.7/2</subfield>
    <subfield code="2">22</subfield>
  </datafield>
  <datafield tag="245" ind1="0" ind2="0">
    <subfield code="a">Educational research and inquiry :</subfield>
    <subfield code="b">qualitative and quantitative approaches /</subfield>
    <subfield code="c">edited by Dimitra Hartas.</subfield>
  </datafield>
  <datafield tag="260" ind1=" " ind2=" ">
    <subfield code="a">London ;</subfield>
    <subfield code="a">New York :</subfield>
    <subfield code="b">Continuum,</subfield>
    <subfield code="c">c2010.</subfield>
  </datafield>
  <datafield tag="300" ind1=" " ind2=" ">
    <subfield code="a">xiv, 458 p. :</subfield>
    <subfield code="b">ill. ;</subfield>
    <subfield code="c">25 cm.</subfield>
  </datafield>
  <datafield tag="504" ind1=" " ind2=" ">
    <subfield code="a">Includes bibliographical references and index.</subfield>
  </datafield>
  <datafield tag="505" ind1="0" ind2=" ">
    <subfield code="a">Educational research and inquiry: key issues and debates / Dimitra Hartas -- The epistemological context of quantitative and qualitative research / Dimitra Hartas -- Qualitative research as a method of inquiry in education / Will Gibson -- Quantitative research as a method of inquiry in education / Dimitra Hartas -- Research questions and research design / Denis Gleeson -- Doing a literature review / Dimitra Hartas -- Ethical considerations and legal issues in educational research / Geoff Lindsay -- Action research / Andy Townsend -- Ethnographic encounters with children / Pia Christensen -- Children's and young people's participation within educational and civic settings: a comparative case study approach to research / Michael Wyness -- Researching classroom interaction and talk / David Wray and Kristiina Kumpulainen -- Documentary research / Wendy Robinson -- The application of visual methodology in the exploration of the visual culture of schools / Jon Prosser and Andrew Loxley -- Interviewing as educational research method(s) / Andrew J. Hobson and Andrew Townsend -- Experimental and quasi-experimental designs in educational research / Dimitra Hartas -- Survey research in education / Dimitra Hartas -- Evaluation research in education / Dimitra Hartas -- Qualitative research analysis in education / Will Gibson -- Key concepts and assumptions in quantitative data analysis / Dimitra Hartas -- Preparing and inputting data in SPSS15 / Dimitra Hartas -- Exploring quantitative data / Dimitra Hartas -- Between group differences: comparing two or more means / Dimitra Hartas -- Correlation and regression / Steve Strand -- Exploratory factor analysis / Dimitra Hartas -- Writing up and presenting research / Alan Pritchard.</subfield>
  </datafield>
  <datafield tag="650" ind1=" " ind2="0">
    <subfield code="a">Education</subfield>
    <subfield code="x">Research</subfield>
    <subfield code="x">Methodology.</subfield>
  </datafield>
  <datafield tag="650" ind1=" " ind2="0">
    <subfield code="a">Qualitative research.</subfield>
  </datafield>
  <datafield tag="650" ind1=" " ind2="0">
    <subfield code="a">Quantitative research.</subfield>
  </datafield>
  <datafield tag="700" ind1="1" ind2=" ">
    <subfield code="a">Hartas, Dimitra,</subfield>
    <subfield code="d">1966-</subfield>
  </datafield>
  <datafield tag="906" ind1=" " ind2=" ">
    <subfield code="a">7</subfield>
    <subfield code="b">cbc</subfield>
    <subfield code="c">orignew</subfield>
    <subfield code="d">1</subfield>
    <subfield code="e">ecip</subfield>
    <subfield code="f">20</subfield>
    <subfield code="g">y-gencatlg</subfield>
  </datafield>
  <datafield tag="942" ind1=" " ind2=" ">
    <subfield code="2">lcc</subfield>
    <subfield code="c">BOOKS</subfield>
    <subfield code="h">LB1028 .E3133 2010</subfield>
  </datafield>
  <datafield tag="999" ind1=" " ind2=" ">
    <subfield code="c">31541</subfield>
    <subfield code="d">31541</subfield>
  </datafield>
  <datafield tag="952" ind1=" " ind2=" ">
    <subfield code="0">0</subfield>
    <subfield code="1">0</subfield>
    <subfield code="2">lcc</subfield>
    <subfield code="4">0</subfield>
    <subfield code="7">0</subfield>
    <subfield code="a">MUC</subfield>
    <subfield code="b">MUC</subfield>
    <subfield code="c">GEN</subfield>
    <subfield code="d">2023-03-14</subfield>
    <subfield code="e">Purchase(Urban Book Centre)</subfield>
    <subfield code="g">7500.00</subfield>
    <subfield code="l">0</subfield>
    <subfield code="o">LB1028 .E3133 2010</subfield>
    <subfield code="p">39323</subfield>
    <subfield code="r">2023-03-14</subfield>
    <subfield code="w">2023-03-14</subfield>
    <subfield code="y">BOOKS</subfield>
  </datafield>
</record>
